V čem nám pomůže Amerika? Nejde jen o peníze, ale i o umění s nimi hospodařit.
Plán USA podporiť ČSFR v roku 1991 nemalými finančnými čiastkami a jeho praktická realizácia. Obchod a investície na štátnej úrovni. Česko-Slovensko-Americký fond pre podnikanie. Pomoc formou rád.
Guardado en:
| Autor principal: | |
|---|---|
| Formato: | Capítulo de libro |
| Lenguaje: | checo |
| Materias: | |
| Etiquetas: |
Sin Etiquetas, Sea el primero en etiquetar este registro!
|
MARC
| LEADER | 00000naa a2200000 4500 | ||
|---|---|---|---|
| 001 | r004708 | ||
| 005 | 20221125081250.0 | ||
| 041 | 0 | |a cze | |
| 044 | |a [CS] | ||
| 245 | 1 | 0 | |a V čem nám pomůže Amerika? |b Nejde jen o peníze, ale i o umění s nimi hospodařit. |c P. Přibyl |
| 520 | |a Plán USA podporiť ČSFR v roku 1991 nemalými finančnými čiastkami a jeho praktická realizácia. Obchod a investície na štátnej úrovni. Česko-Slovensko-Americký fond pre podnikanie. Pomoc formou rád. | ||
| 610 | 2 | 0 | |a pomoc hospodárska |
| 610 | 2 | 0 | |a USA |
| 610 | 2 | 0 | |a ČSFR |
| 610 | 2 | 0 | |a 1991 |
| 610 | 2 | 0 | |a obchod |
| 610 | 2 | 0 | |a investície |
| 610 | 2 | 0 | |a podnikanie |
| 100 | 1 | |a Přibyl, P. | |